000
00247nam a2200097Ia 4500
001
724832
005
20250826163357.0
008
250824s9999 xx 000 0 und d
245
0
_a
BİR YILBAŞI HİKAYESİ
_c
BUKET UZUNER
260
_b
EVEREST YAYINLARI
999
_c
724832
_d
724832